000 01272nam a22002177a 4500
001 5747
003 FISKH
005 20250324135247.0
008 250117b cb ||||| |||| 00| 0 eng d
020 _a9780198399353
040 _aFISKH
_beng
_cFISKH
_dFISKH
082 _a909.82
100 _aCantrell, John
245 _a20th century history for Cambridge IGCSE /
_cby John Cantrell , Neil Smith , Peter Smith with Ray Ennion
260 _aOxford :
_bOxford University Press ;
_c2013.
300 _a410 pages :
_bcolor illustrations, maps ;
_c28 cm .
520 _aWritten by experienced teachers and examiners, this comprehensive text is matched to the latest Cambridge syllabus. With a dual focus on knowledge acquisition and skills development, it includes extensive source analysis work and is packed with original colour sources, graphs and maps to hold learners' attention. A dedicated chapter on exam skills fully develops all the skills directly relevant to assessment and the alternative to coursework. Including careful provision for EAL learners, supporting online content, and extensive detail and challenge, it will stretch your most able students and enable critical thinking.
700 _aSmith, Neil
_eauthor
942 _2ddc
_cBK
_n0
999 _c5747
_d5747